| 000 | 01230cam a22003134a 4500 | ||
|---|---|---|---|
| 001 | 13267169 | ||
| 003 | ARRUPE | ||
| 005 | 20131203181039.0 | ||
| 008 | 030709s2004 inu s000 0 eng | ||
| 010 | _a 2003015581 | ||
| 020 | _a0253342481 (cloth : alk. paper) | ||
| 040 |
_aDLC _cDLC _dDLC |
||
| 041 | 1 |
_aeng _hger |
|
| 042 | _apcc | ||
| 050 | 0 | 0 |
_aB3279 _b.H46 2004 |
| 082 | 0 | 0 |
_a200 _222 |
| 100 | 1 |
_aHeidegger, Martin, _d1889-1976. _94941 |
|
| 240 | 1 | 0 |
_aPhänomenologie des religiösen Lebens. _lEnglish |
| 245 | 1 | 4 |
_aThe phenomenology of religious life / _cMartin Heidegger ; translated by Matthias Fritsch and Jennifer Anna Gosetti-Ferencei. |
| 260 |
_aBloomington, IN : _bIndiana University Press, _cc2004. |
||
| 300 |
_axv, 266 p. ; _c25 cm. |
||
| 440 | 0 |
_aStudies in Continental thought _94942 |
|
| 650 | 0 |
_aReligion _xPhilosophy. _94943 |
|
| 650 | 0 |
_aPhenomenology. _94944 |
|
| 856 | 4 | 1 |
_3Table of contents _uhttp://www.loc.gov/catdir/toc/ecip046/2003015581.html |
| 906 |
_a7 _bcbc _corignew _d1 _eecip _f20 _gy-gencatlg |
||
| 942 |
_2lcc _cMONOGRAPH |
||
| 999 |
_c119025 _d119025 |
||